| 000 | 00514cam a2200181 4500 | ||
|---|---|---|---|
| 001 | D12730 | ||
| 008 | 090401t1955 xxu||||| |||| 00| 0 eng d | ||
| 035 | _a(Sirsi) u5348 | ||
| 041 | _aeng | ||
| 110 | _aFederation International Des Geometres | ||
| 245 | _aCompte rendu officiel des activites de la Federation Internationale des Geometres, Juillet 1951 - Septembre 1955. | ||
| 260 |
_aParis _bFIG _c1955 |
||
| 300 | _a299p. ; 24cm. | ||
| 350 | _a0 | ||
| 520 | _aShelf 115 | ||
| 942 | _n0 | ||
| 948 | _c04/03/1997 | ||
| 999 |
_c86163 _d86163 |
||